Τεχνικές Πωλήσεων / Στην 3η Βιομηχανική Επανάσταση Β' 'Εκδοση Βελτιωμένη (Record no. 2714)
[ view plain ]
| 000 -LEADER | |
|---|---|
| fixed length control field | 03395cam a22002294a 4500 |
| 005 - ΗΜΕΡΟΜΗΝΙΑ ΚΑΙ ΩΡΑ ΤΕΛΕΥΤΑΙΑΣ ΕΝΗΜΕΡΩΣΗΣ | |
| Πεδίο ελέγχου | 20250605164051.0 |
| 008 - FIXED-LENGTH DATA ELEMENTS--GENERAL INFORMATION | |
| Πεδίο ελέγχου σταθερού μήκους | 250528s ||||||||||||||||||||||||d |
| 035 ## - SYSTEM CONTROL NUMBER | |
| System control number | 17286 |
| 020 ## - ISBN | |
| ISBN | 960816592X |
| 040 ## - ΠΗΓΗ ΚΑΤΑΛΟΓΟΓΡΑΦΗΣΗΣ | |
| Φορέας πρωτότυπης καταλογογράφησης | MC Athens Campus Library |
| Γλώσσα καταλογογράφησης | Ελληνικά, Μοντέρνα (1453-) |
| Modifying agency | MC Athens Campus Library |
| Κανόνες περιγραφικής καταλογογράφησης | AACR2 |
| 245 1# - ΤΙΤΛΟΣ ΚΑΙ ΔΗΛΩΣΗ ΥΠΕΥΘΥΝΟΤΗΤΑΣ | |
| Τίτλος | Τεχνικές Πωλήσεων / Στην 3η Βιομηχανική Επανάσταση Β' 'Εκδοση Βελτιωμένη |
| 250 ## - EDITION STATEMENT | |
| Edition statement | 2η |
| 260 ## - PUBLICATION, DISTRIBUTION, ETC. | |
| Name of publisher, distributor, etc. | Σύγχρονη Εκπαιδευτική, |
| Date of publication, distribution, etc. | 2005 |
| 300 ## - PHYSICAL DESCRIPTION | |
| Extent | 400 |
| 505 0# - FORMATTED CONTENTS NOTE | |
| Formatted contents note | Πρόλογος, Εισαγωγή, Η Λειτουργία των Πωλήσεων στη Σύγχρονη Επιχείρηση, Λειτουργώντας στο Επιχειρηματικό ''χάος'', Επιρροή των Σύγχρονων Καταναλωτών στη Διαμόρφωση του Νεόυ Επιχειρηματικού Περιβάλλοντος, Από την Αναδιοργάνωση στην Ηλεκτρονική Οργάνωση, Ανάπτυξη της Στρατηγικής ''just in time'' στις πωλήσεις, Τρόποι Προώθησης Πωλήσεων, Οι Τεχνολογικές Εξελίξεις και τα Βήματα των Αλλαγών, Επώνυμα Προιόντα, Η Διαπροσωπική Επικοινωνία, Τα Στάδια της Πώλησης και η διαδικασία Χειρισμού των Αντιρρήσεων, Η Διαδικασία του Κλεισίματος της Πώλησης, Ενδεικτικοί Τύποι Πελατών και Τρόπος Αντιμετώπισής τους, Επιχειρηματικός Προγραμματισμός και Στόχοι Πωλήσεων, Η Διαπραγμάτευση, Θεωρίες των Κινήτρων, Η Μεταμόρφωση του Manager σε Ηγέτη, Βιβλιογραφία. |
| 520 ## - SUMMARY, ETC. | |
| Summary, etc. | Πρόλογος, Εισαγωγή, Η Λειτουργία των Πωλήσεων στη Σύγχρονη Επιχείρηση, Λειτουργώντας στο Επιχειρηματικό ''χάος'', Επιρροή των Σύγχρονων Καταναλωτών στη Διαμόρφωση του Νεόυ Επιχειρηματικού Περιβάλλοντος, Από την Αναδιοργάνωση στην Ηλεκτρονική Οργάνωση, Ανάπτυξη της Στρατηγικής ''just in time'' στις πωλήσεις, Τρόποι Προώθησης Πωλήσεων, Οι Τεχνολογικές Εξελίξεις και τα Βήματα των Αλλαγών, Επώνυμα Προιόντα, Η Διαπροσωπική Επικοινωνία, Τα Στάδια της Πώλησης και η διαδικασία Χειρισμού των Αντιρρήσεων, Η Διαδικασία του Κλεισίματος της Πώλησης, Ενδεικτικοί Τύποι Πελατών και Τρόπος Αντιμετώπισής τους, Επιχειρηματικός Προγραμματισμός και Στόχοι Πωλήσεων, Η Διαπραγμάτευση, Θεωρίες των Κινήτρων, Η Μεταμόρφωση του Manager σε Ηγέτη, Βιβλιογραφία. |
| 700 1# - ΠΡΟΣΘΕΤΗ ΑΝΑΓΡΑΦΗ--ΦΥΣΙΚΟ ΠΡΟΣΩΠΟ | |
| Personal name | Ζαϊρης Α. Γ |
| 9 (RLIN) | 3446 |
| 700 1# - ΠΡΟΣΘΕΤΗ ΑΝΑΓΡΑΦΗ--ΦΥΣΙΚΟ ΠΡΟΣΩΠΟ | |
| Personal name | Κυριαζόπουλος Παναγιώτης Γ |
| 9 (RLIN) | 1045 |
| 942 ## - ADDED ENTRY ELEMENTS (KOHA) | |
| Koha item type | Books |
| Τύπος τεκμηρίου | Βιβλιοθήκη | Τρέχουσα τοποθεσία | Barcode | Αριθμός εισαγωγής | Ημερομηνία απόκτησης | Ταξιθετικό σύμβολο | Αριθμός αντιτύπου | Κατάσταση απόσυρσης | Κατάσταση χαμένου | Κατάσταση κατεστραμμένου | Μη δανεισμός | Σύνολο δανεισμών | Ημερομηνία τελευταίας εμφάνισης | Η τιμή ισχύει από |
|---|---|---|---|---|---|---|---|---|---|---|---|---|---|---|
| Books | MC Athens Campus Library | MC Athens Campus Library | 9780000027139 | 953 | 05/06/2025 | 658.85 KIR | 1 | 05/06/2025 | 05/06/2025 |